Entry Personal Name
Number of records used in: 5
001 - CONTROL NUMBER
003 - CONTROL NUMBER IDENTIFIER
005 - DATE AND TIME OF LATEST TRANSACTION
- control field:
20160613153804.0
008 - FIXED-LENGTH DATA ELEMENTS
- fixed length control field:
160613|| aca||aabn | a|a d
040 ## - CATALOGING SOURCE
- Original cataloging agency:
OSt
- Transcribing agency:
OSt
100 ## - HEADING--PERSONAL NAME
- Personal name:
Rae, Leslie
670 ## - SOURCE DATA FOUND
- Source citation:
Work cat.: (OSt): Rae, Leslie, The Art of Training and Development in Mgt.